[Event "58. BEM 2004"]
[Site "Dortmund"]
[Date "2004.03.08"]
[Round "4.23"]
[White "Milonas, Georgios"]
[Black "Rogner, Wolfgang"]
[Result "1-0"]
[WhiteElo "1346"]
[BlackElo "1558"]
[Annotator "Fritz 7 (15s)"]
[PlyCount "111"]
[EventDate "2004.??.??"]
[Source "SG Dortmund"]
[SourceDate "2004.12.16"]

{B01: Scandinavian Defence
} 1. e4 d5 2. exd5 Nf6 3. Nc3 Nxd5 4. Nxd5 Qxd5 5.
d4 Nc6 6. c3 e5 7. Be3 (7. dxe5 Qxd1+ 8. Kxd1 Nxe5 9. Bf4 Bd6 10. Bxe5 Bxe5 11.
Nf3 Bg4 12. Bd3 O-O 13. Kc2 Bd6 14. Ng5 Be7 15. h4 h6 16. Nf3 Bc5 17. Ne5 Be6
18. f4 Rad8 19. b3 Bd5 20. Nf3 Rfe8 21. Rae1 Bd6 {
Mestre,G-Hauchard,A/Chanac 1989/TD/0-1 (46)}) (7. Qf3 Qxf3 8. Nxf3 exd4 9. cxd4
Nb4 10. Bb5+ c6 11. Ba4 Be6 12. a3 Nd3+ 13. Kf1 O-O-O 14. Bc2 Bc4 15. Bxd3
Bxd3+ 16. Ke1 Be4 17. Be3 Bxf3 18. gxf3 Be7 19. Ke2 Bf6 20. Rhd1 Rhe8 21. Kf1
Rd5 {Cherif,M-Belouadah,S/Algiers 2000/EXT 2002/0-1 (37)}) 7... Be7 $146 (7...
exd4 8. Bd2 (8. Ne2 Bg4 9. Bxd4 (9. f3 Bxf3 10. Nf4 Bxd1 11. Nxd5 O-O-O 12.
Rxd1 Rxd5 13. cxd4 Bb4+ 14. Kf2 Rf5+ 15. Kg1 Re8 16. Bf2 Ba5 17. g3 Kb8 18. d5
Rd8 19. Bc4 Ne7 20. Kg2 Nxd5 21. Rhf1 c6 22. Kg1 Rf6 23. Rd3 Bb6 24. Kg2 Rxf2+
25. Rxf2 Bxf2 26. Kxf2 {0-1 Jurga,D-Buenermann,V/GER 1993/EXT 2002 (26)}) 9...
O-O-O 10. Be3 Qe4 11. Qb1 Qe5 12. Qc2 f5 13. Bf4 Qe6 14. f3 Bh5 15. Rd1 Be7 16.
b3 g5 17. Bc1 Bf6 18. Kf2 Rxd1 19. Qxd1 Re8 20. b4 Qxa2 21. Qd2 Qb1 22. Ng3 Rd8
23. Qe3 Bf7 24. Qe1 Qc2+ 25. Be2 Bxc3 26. Qg1 Bd4+ 27. Be3 Bxe3+ 28. Kxe3 f4+
29. Kf2 fxg3+ {0-1 Corrales,I-Majul,I/Pensilvania 1998/EXT 99 (29)}) 8... Bd6
9. cxd4 O-O 10. f3 Re8+ 11. Be2 Bf5 12. Bc3 Re3 13. a3 Rae8 14. Bd2 Rxe2+ 15.
Nxe2 Bd3 16. O-O Bxe2 17. Qe1 Kf8 18. Rf2 Nxd4 19. Qb1 Qh5 20. g4 Nxf3+ 21. Kh1
Qh4 22. Bb4 Bxb4 23. Rg2 Nxh2 24. Qg1 Nxg4+ 25. Rh2 Bf3+ 26. Qg2 Qxh2# {
0-1 Ford,A-Fuchsgruber,H/GER 1999/EXT 2000 (26)}) (7... exd4 8. Ne2 Bg4 9. Bxd4
$17) 8. Nf3 Bg4 9. dxe5 Qxd1+ 10. Rxd1 Bxf3 11. gxf3 Nxe5 12. Bg2 c6 13. b3 {
Es geht um c4} 13... Bf6 14. c4 Ng6 15. O-O Nh4 $2 (15... a6 16. Rfe1 O-O 17.
Rd7 $11) 16. Bh1 $4 {vergibt den Vorteil} (16. Bc5 $142 {
mit klarem Vorteil fuer Weiss} 16... Be7 17. Rfe1 $18) 16... Nf5 17. Bf4 (17.
Bc5 $5 {ist zu pruefen} 17... Ne7 18. Rfe1 $14) 17... Nd4 $15 18. Rfe1+ Ne6 19.
Bd6 (19. Be3 Bc3 20. Re2 Rd8 21. Rxd8+ Kxd8 22. Bxa7 Kc7 $11) 19... Be7 20. Be5
Rd8 21. f4 O-O 22. f5 Ng5 (22... Rxd1 23. Rxd1 Rd8 24. Rxd8+ (24. fxe6 $2 {
scheitert an} 24... Rxd1+ 25. Kg2 fxe6 $19) 24... Nxd8 25. Bd4 $14) 23. Rxd8
Rxd8 ({Nachteilig ist} 23... Bxd8 24. Bd6 h6 25. b4 $18) 24. Bxg7 {
Beseitigt den Bauernschutz} 24... Bc5 (24... Kxg7 25. Rxe7) 25. Bf6 $18 Nh3+
26. Kg2 Nf4+ $4 {ein Fehler, doch es war nicht viel zu retten} (26... Rd3 27.
Re8+ Bf8 28. Be5 $18) 27. Kf1 (27. Kf3 $142 {liesse Schwarz keine Chance} 27...
Rd3+ 28. Kxf4 $18) 27... Rf8 $2 (27... Rd2 28. Re8+ Bf8 29. Ke1 Rxa2 30. Be4
$18) 28. Be7 (28. Re4 $142 {und Weiss bekommt die Oberhand} 28... Bd6 29. Rd4
$18) 28... Bxe7 $16 29. Rxe7 Rd8 30. Ke1 Rb8 31. Be4 Kf8 32. Rc7 Re8 33. f3 Re7
34. Rc8+ Kg7 35. Kf2 f6 (35... Rd7 $5 $14 {sieht gut aus}) 36. Ra8 a6 37. Ra7
Kf7 38. b4 Nh3+ 39. Kg3 Ng5 (39... Ng1 $142 $5 $16) 40. h4 $18 Nxe4+ 41. fxe4
Kg7 42. Kf4 Kh6 43. Ra8 Kh5 $2 (43... Rd7 $142 $18) 44. Rf8 Kxh4 (44... c5 {
aendert den Lauf der Dinge nicht} 45. bxc5 Re5 46. Rxf6 Rxc5 47. Rf7 $18) 45.
Rxf6 h5 46. e5 Rd7 47. Ke3 (47. Rd6 $142 $5 {und Weiss haette es noch leichter}
47... Rg7 48. f6 Rg2 $18) 47... Kg5 48. Ke4 Rd1 (48... h4 {aendert nichts mehr}
49. Rg6+ Kh5 50. e6 $18) 49. Rg6+ Kh4 50. e6 Re1+ 51. Kd4 b6 (51... Re2 $18 {
wuerde die Partie unwesentlich verlaengern}) 52. Rg7 c5+ (52... Kh3 {
hilft auch nicht mehr} 53. e7 $18) 53. bxc5 bxc5+ 54. Kc3 Kh3 (54... Re3+ {
ist ein letzter Strohhalm} 55. Kd2 Re5 $18) 55. e7 Re3+ 56. Kd2 (56. Kd2 Rxe7
57. Rxe7 Kg4 58. f6 h4 59. Rg7+ Kh3 60. f7 a5 61. f8=Q a4 62. Qf1+ Kh2 63. Qg2#
) 1-0

[Event "58. BEM 2004"]
[Site "Dortmund"]
[Date "2004.03.08"]
[Round "4.25"]
[White "Skoecz, Horst"]
[Black "Kartsev, Alexandr"]
[Result "1-0"]
[WhiteElo "1338"]
[BlackElo "1341"]
[Annotator "Fritz 7 (15s)"]
[PlyCount "120"]
[EventDate "2004.??.??"]
[Source "SG Dortmund"]
[SourceDate "2004.12.16"]

{B01: Scandinavian Defence
} 1. e4 d5 2. exd5 Nf6 3. Nc3 Nxd5 4. Nxd5 Qxd5 5.
Qf3 Qxf3 6. Nxf3 Bf5 7. c3 Nc6 $146 (7... e6 8. Be2 Be7 9. d4 Nd7 10. Bf4 c6
11. O-O O-O 12. a4 a5 13. Nd2 Nb6 14. Nb3 Nd5 15. Bg3 Bg5 16. Bf3 Rfd8 17. Rfe1
b6 18. Bxd5 cxd5 19. Nc1 Rac8 20. f4 Be7 21. Re3 Rc4 22. Nd3 {
Asztalos,V-Harmatosi,J/HUN 1999/EXT 2002/1/2-1/2 (41)}) (7... Nd7 8. d4 e6 9.
Bf4 (9. Be2 Bd6 10. O-O O-O 11. Re1 h6 12. h3 Rfe8 13. Nh4 Bh7 14. f4 g5 15.
Nf3 gxf4 16. Bc4 c6 17. Kf2 Kh8 18. Bd2 Nf6 19. Kg1 Ne4 20. Bc1 Rg8 21. Bd3 Ng5
22. Nxg5 hxg5 23. Bxh7 Kxh7 {Savic,Z-Lorum,K/Kleve 1999/CBM 70 ext/0-1 (40)}) (
9. Be3 Be7 10. Be2 O-O 11. O-O Rfd8 12. Rfd1 c5 13. Rac1 Rac8 14. Ne5 Nxe5 15.
dxe5 Be4 16. f3 Bc6 17. c4 Kf8 18. Kf2 Ke8 19. b3 b6 20. Rxd8+ {
1/2-1/2 Schmidt,M-Brecht,A/Germany 1994/GER (20)}) 9... Rc8 10. Bc4 a6 11. O-O
c5 12. dxc5 Nxc5 13. Rac1 Bd3 14. Bxd3 Nxd3 15. Be3 Nxc1 16. Rxc1 Bc5 17. Bf4
f6 18. h3 e5 19. Re1 O-O 20. Bc1 Rfd8 21. Kf1 b5 22. Nd2 b4 23. Ne4 bxc3 24.
bxc3 Be7 25. a4 Rc4 26. a5 {
0-1 Baldursson,H-Olafsson,H/Iceland 1997/EXT 2000 (26)}) 8. Bb5 Bd7 9. Bc4 f6 {
Ueberdeckt e5+g5} 10. O-O O-O-O 11. d4 a6 {Kontrolliert b5} 12. a4 Bg4 13. Nd2
(13. h3 Bxf3 14. Be6+ Kb8 15. gxf3 Rd6 $14) 13... h5 (13... e5 14. h3 Bf5 15.
dxe5 Nxe5 16. Be2 $15) 14. Re1 (14. h3 Bf5 15. f4 $14) 14... h4 (14... e5 15.
dxe5 Nxe5 16. Bf1 $15) 15. Be6+ (15. h3 $142 Bf5 16. Nf3 $16) 15... Bxe6 $15
16. Rxe6 h3 17. g3 Ne5 (17... Kd7 $5 18. Re4 e5 $15) 18. Nb3 ({Und nicht} 18.
dxe5 Kd7 19. Rxa6 bxa6 $15) 18... Nf3+ 19. Kh1 Ne5 (19... Rh5 20. Bf4 $11) 20.
Be3 Nc4 21. Rb1 Nxe3 22. fxe3 Rd6 23. Nc5 g6 24. b4 Rxe6 25. Nxe6 Bh6 26. Re1
b6 27. c4 Kd7 28. Nf4 e5 (28... Bxf4 29. gxf4 e5 30. fxe5 fxe5 31. Rd1 $11) 29.
dxe5 ({Schwaecher scheint} 29. Nxh3 Bf8 30. Kg2 Bxb4 $11) 29... Bxf4 30. exf4
fxe5 31. Rxe5 (31. fxe5 $6 Ke6 $11) 31... Re8 $4 {und es geht weiter bergab} (
31... Kc8 $142 32. b5 Rd8 $16) 32. Rxe8 $18 Kxe8 33. Kg1 Kd7 34. Kf2 Kc6 35. g4
Kd6 36. Ke3 c5 (36... Ke7 $18 {ist noch eine Idee}) 37. b5 a5 (37... axb5 {
ist noch eine duenne Chance} 38. axb5 Ke6 $18) 38. Ke4 {Weiss plant f5} 38...
Ke6 39. f5+ gxf5+ 40. gxf5+ Kd6 41. Kf4 Ke7 42. Ke5 Kf7 (42... Kd8 {
macht keinen grossen Unterschied} 43. Kd6 Ke8 44. Ke6 Kf8 45. f6 Kg8 46. Ke7
Kh7 47. f7 Kh6 48. f8=Q+ Kg5 49. Qf6+ Kh5 50. Qg7 Kh4 51. Kf6 Kh5 52. Qg5#) 43.
f6 Kf8 44. Ke6 Ke8 45. f7+ Kf8 46. Kd6 Kxf7 47. Kc6 Ke6 (47... Kf6 {
hilft auch nicht mehr} 48. Kxb6 Ke7 49. Kxc5 Kd7 50. Kd5 Ke7 51. c5 Kf6 52. b6
Kf7 53. c6 Ke8 54. b7 Ke7 55. c7 Kf7 56. c8=Q Kg6 57. Qg4+ Kf6 58. b8=Q Kf7 59.
Qb7+ Kf8 60. Qgc8#) 48. Kxb6 Ke5 49. Kxc5 Kf4 (49... Ke6 {aendert nichts mehr}
50. Kc6 Kf5 51. b6 Ke6 52. b7 Kf5 53. Kd5 Kf6 54. Ke4 Kf7 55. Kf5 Kf8 56. b8=Q+
Kg7 57. Qg3+ Kf8 58. Kf6 Ke8 59. Qc7 Kf8 60. Qc8#) 50. b6 Kf3 (50... Kf5 {
holt die Kuh nicht vom Eis} 51. b7 Kg4 52. Kd4 Kg5 53. Kd5 Kf5 54. b8=Q Kg4 55.
Ke4 Kg5 56. Qb6 Kg4 57. Qg1+ Kh4 58. Kf5 Kh5 59. Qg5#) 51. b7 Kg2 (51... Ke3 {
waere gleichermassen fruchtlos} 52. Kd5 Kf4 53. b8=Q+ Kf3 54. Qb3+ Kg4 55. Ke5
Kg5 56. Qg3+ Kh5 57. Kf5 Kh6 58. Qg6#) 52. b8=Q Kh1 (52... Kf3 {
hilft allerdings auch nicht} 53. Qg3+ Ke4 54. Qxh3 Ke5 55. Qh4 Kf5 56. Kd6 Kg6
57. Ke6 Kg7 58. Qg4+ Kh6 59. Kf6 Kh7 60. Qg7#) 53. Kb5 (53. Qf4 Kg1 54. Qf3
Kxh2 55. Qf2+ Kh1 56. Kb6 h2 57. Qf1#) 53... Kg2 54. Qg3+ (54. Qf4 Kg1 55. Qf3
Kxh2 56. Qf2+ Kh1 57. c5 h2 58. Qf1#) 54... Kh1 55. Qxh3 Kg1 56. c5 (56. Qf3
Kxh2 57. c5 Kg1 58. c6 Kh2 59. Qe3 Kg2 60. c7 Kh2 61. c8=Q Kg2 62. Qch3#) 56...
Kh1 (56... Kf2 {macht keinen grossen Unterschied} 57. c6 Ke2 58. Qg4+ Kd2 59.
c7 Ke3 60. Qg3+ Kd2 61. c8=Q Kd1 62. Qf3+ Kd2 63. Qcc3#) 57. c6 Kg1 58. c7 Kh1
(58... Kf2 {holt die Kuh nicht vom Eis} 59. Qg3+ Ke2 60. c8=Q Kd2 61. Qcc3+ Kd1
62. Qgd3#) 59. c8=Q Kg1 60. Qcg4+ (60. Qc1+ Kf2 61. Qce3#) 60... Kf2 1-0

[Event "58. BEM 2004"]
[Site "Dortmund"]
[Date "2004.03.09"]
[Round "5.1"]
[White "Kalikhman, Grigorij"]
[Black "Ziperstein, Jakob"]
[Result "1/2-1/2"]
[WhiteElo "1975"]
[BlackElo "1831"]
[Annotator "Fritz 7 (15s)"]
[PlyCount "96"]
[EventDate "2004.??.??"]
[Source "SG Dortmund"]
[SourceDate "2004.12.16"]

{B09: Pirc Defence: Austrian Attack
} 1. e4 g6 2. d4 Bg7 3. Nc3 d6 4. f4 Nf6 5.
Nf3 O-O 6. Bd3 Nc6 7. Qe2 (7. f5 Nb4 8. fxg6 hxg6 9. Bg5 Nxd3+ 10. Qxd3 d5 11.
e5 Bf5 12. Qe3 Ng4 13. Qd2 f6 14. h3 Nxe5 15. dxe5 fxg5 16. Qxd5+ Qxd5 17. Nxd5
e6 18. Ne7+ Kf7 19. Nxf5 exf5 20. Rd1 Rae8 21. Rd7+ Kg8 22. O-O g4 23. hxg4
fxg4 24. Nh2 Rxf1+ 25. Kxf1 Rxe5 26. Rxc7 Re4 27. Rc8+ Kf7 28. Rc7+ Kg8 29.
Rc8+ {1/2-1/2 Savon,V-Hort,V/Moscow 1971/MCL (29)}) 7... a6 $146 {
Nimmt Einfluss auf b5} (7... Bg4 8. d5 Nd4 9. Qf2 e5 10. fxe5 dxe5 11. Be3 Bxf3
12. gxf3 Nh5 13. Ne2 (13. O-O-O c5 14. dxc6 bxc6 15. Ne2 Qa5 16. Kb1 Nxe2 17.
Qxe2 Rab8 18. Bd2 Qa3 19. Bb5 Qc5 20. Ba4 Nf4 21. Qe3 Qe7 22. Bxc6 Rfc8 23. Ba4
Ne6 24. h4 a5 25. Bb3 Ra8 26. h5 Nd4 27. hxg6 hxg6 28. Bc3 a4 29. Bd5 Rab8 30.
Rxd4 Rxc3 31. Qxc3 exd4 32. Qa5 d3 33. c3 Qe5 34. Qa7 Rxb2+ 35. Ka1 Rb7 36.
Bxf7+ Rxf7 {0-1 Verwoert,J-Horstmann,R/Zwolle 1995/EXT 2001 (36)}) 13... c5 14.
c3 c4 15. cxd4 cxd3 16. Nc3 f5 17. exf5 exd4 18. Bxd4 Qe7+ 19. Kd2 Qb4 20. Bxg7
Qxb2+ 21. Ke3 Rae8+ 22. Ne4 Qxg7 23. Rad1 Rxf5 24. Kxd3 Rxd5+ 25. Kc4 Rc8+ 26.
Kb3 Rb5+ {0-1 Eichhorn,E-Platzack,S/Buesum 1967/EXT 2000 (26)}) 8. a3 {
Verwehrt dem Gegner b4} 8... Bg4 9. Be3 Nd7 10. Qf2 e5 11. fxe5 dxe5 12. d5 {
Raumgewinn} 12... Nd4 13. O-O-O f5 14. h3 (14. Bxd4 exd4 15. Ne2 fxe4 16. Bxe4
Nc5 $19) 14... Bxf3 15. gxf3 Nc5 16. Qg2 Nxd3+ 17. Rxd3 Nb5 (17... Qh4 $5 $14 {
muss beachtet werden}) 18. h4 $16 f4 19. Bc5 Rf6 20. Nxb5 axb5 21. Rhd1 Bf8 22.
Bxf8 Qxf8 23. Rb3 Rb6 24. Qd2 b4 25. Rxb4 Rxb4 26. Qxb4 Qxb4 27. axb4 Kf7 28.
Kd2 h6 29. Rg1 Kf6 30. c4 b6 31. b5 Rg8 32. b4 Ra8 33. Rc1 Ra3 (33... g5 34.
hxg5+ Kxg5 35. c5 $16) 34. Rc3 Ra2+ 35. Rc2 Ra3 36. Ke2 g5 37. hxg5+ hxg5 (
37... Kxg5 $5 38. c5 h5 $16) 38. c5 $18 g4 39. fxg4 Kg5 40. d6 cxd6 41. c6 Ra8
42. Kf3 Ra3+ 43. Ke2 $4 {danach wendet sich das Blatt} (43. Kg2 Ra8 44. c7 Rc8
$18) 43... Ra8 44. Rd2 $4 {vergibt den Vorteil} (44. c7 $142 {
mit klarem Vorteil fuer Weiss} 44... Rc8 45. Kf3 $18) 44... Kxg4 $11 {
Aktiver Koenig im Endspiel} 45. Rxd6 f3+ 46. Ke3 Ra3+ 47. Kd2 Ra2+ 48. Ke3 Ra3+
1/2-1/2

[Event "58. BEM 2004"]
[Site "Dortmund"]
[Date "2004.03.09"]
[Round "5.2"]
[White "Kleymann, Jelena"]
[Black "Eismont, Igor"]
[Result "0-1"]
[WhiteElo "1865"]
[BlackElo "2230"]
[Annotator "Fritz 7 (15s)"]
[PlyCount "96"]
[EventDate "2004.??.??"]
[Source "SG Dortmund"]
[SourceDate "2004.12.16"]

{B19: Classical Caro-Kann: 4...Bf5 main line
} 1. e4 c6 2. d4 d5 3. Nc3 dxe4 4.
Nxe4 Bf5 5. Ng3 Bg6 6. h4 h6 7. Nf3 Nd7 8. h5 Bh7 9. Bd3 Bxd3 10. Qxd3 Ngf6 11.
Bd2 Qc7 12. O-O-O e6 13. Rde1 (13. Ne5 Bd6 14. f4 O-O 15. Qf3 Rfd8 16. Kb1 c5
17. Nxd7 Rxd7 18. dxc5 Bxc5 19. Bc3 Nd5 20. Be5 Bd6 21. Bxd6 Rxd6 22. Rd4 Rc6
23. c3 Rc8 24. Ne2 Qa5 25. Rhd1 b5 26. a3 Qb6 27. f5 Nf6 {
Shamkovich,L-Lein,A/New York 1981/MCD/0-1 (58)}) 13... O-O-O (13... Bd6 14. Ne4
O-O-O 15. Nxd6+ Qxd6 16. Ne5 Nxe5 17. dxe5 Qxd3 18. cxd3 Nd5 19. Rh4 Ne7 20.
Bb4 Nf5 21. Rh3 Rd5 22. g4 Nd4 23. Rhe3 Nb5 24. Bc3 Rhd8 25. Kc2 c5 26. Rd1 c4
27. d4 Nxd4+ 28. Kb1 Nc6 29. Rxd5 Rxd5 30. Rf3 Rd7 31. Rf4 b5 32. Rf3 b4 33.
Rf4 bxc3 34. Rxc4 Rc7 35. Rxc3 Nxe5 {
0-1 Natanjan,T-Jankovski,A/Nikolaev 2001/EXT 2002 (35)}) 14. Qb3 $146 (14. c4
Bd6 15. Ne4 Nxe4 16. Qxe4 Nf6 17. Qe2 Bf4 18. Bxf4 Qxf4+ 19. Qe3 {
1/2-1/2 Tuma,L-Zikan,K/Brno 1996/EXT 2001 (19)}) (14. Rh4 Bd6 15. Ne4 Nxe4 16.
Qxe4 Nf6 17. Qe2 Rhe8 18. Ne5 Re7 19. Nc4 Ne8 20. Reh1 b6 21. R1h3 Red7 22. Rb3
Re7 23. Na5 Kd7 24. Nxc6 Qxc6 25. Rc3 Qd5 26. Qa6 Ra8 27. Qa4+ b5 28. Qa5 Bc7
29. Qa6 Bd6 30. Rhh3 Nc7 31. Rxc7+ Bxc7 32. Bb4 Ree8 33. Rc3 Reb8 34. Rc5 Qb7 {
0-1 Bettendorf,H-Beyer,T/Recklinghausen 2000/EXT 2001 (34)}) (14. Kb1 Bd6 15.
Ne4 Nxe4 16. Qxe4 Nf6 17. Qe2 c5 18. dxc5 Bxc5 19. Rh4 Nd5 20. b4 Bxb4 21. Bxb4
Qb6 22. Qc4+ Kb8 23. Qc5 Qa6 24. Ne5 b6 25. Qc6 Nxb4 26. Rxb4 Qa3 27. Rb3 Qe7
28. Nc4 Rc8 29. Qd6+ Qxd6 30. Nxd6 Rc7 31. Rf3 Rf8 32. Rxe6 f6 {
1-0 Khizanashvili,V-Susilodonata,A/Oropesa del Mar 1999/CBM 72 ext (32)}) 14...
Bd6 15. Ne4 Nxe4 16. Rxe4 Nf6 17. Re2 Bf4 18. Kb1 Bxd2 19. Rxd2 Rd5 20. g4 (20.
c4 $5 {lohnt die Pruefung} 20... Rf5 21. Qe3 $11) 20... Nxg4 $17 21. c4 Rd7 22.
Rg1 Qf4 23. Ka1 (23. d5 $5 exd5 24. cxd5 $17) 23... Rhd8 24. d5 (24. Rgd1 $5
$19) 24... exd5 25. Rd4 (25. c5 d4 $19) 25... dxc4 26. Rxf4 cxb3 27. axb3 Rd1+
28. Rxd1 Rxd1+ 29. Ka2 Nf6 30. Ne5 Rd5 31. Nxf7 Nxh5 32. Ra4 Kc7 33. Re4 Nf6
34. Re6 Rf5 35. Re7+ Nd7 36. f3 h5 (36... Rxf3 $6 37. Rxd7+ {
Eliminiert eine wichtige Deckungsfigur: d7} 37... Kxd7 38. Ne5+ Ke6 39. Nxf3
$19) 37. Nh8 (37. f4 {hilft auch nicht mehr} 37... Rxf4 38. Ne5 Rd4 39. Rxg7
Rd5 $19) 37... g5 38. Ng6 h4 (38... Kd6 {gibt noch groesseren Vorteil} 39. Rg7
$19) 39. Rh7 (39. f4 {aendert nichts mehr} 39... Kd8 40. fxg5 Rxg5 41. Rxd7+
Kxd7 42. Nxh4 Rg3 $19) 39... Kd6 40. f4 gxf4 (40... Rf6 $5 {ist genauer} 41.
Nxh4 gxh4 42. Rxh4 $19) 41. Nxh4 Rf6 42. Nf3 Ne5 43. Nd2 Rf7 {Will f3 spielen}
44. Ne4+ (44. Rh1 {nuetzt auch nichts mehr} 44... f3 $19) 44... Kd5 45. Nc3+
Kd4 46. Rh1 f3 47. Rh4+ Kd3 48. Na4 (48. Nd1 {macht keinen grossen Unterschied}
48... a6 $19) 48... Kc2 (48... Kc2 49. Nc5 f2 $19) (48... b6 $5 {
und Schwarz haette es noch leichter} 49. Rh3 Kc2 50. Nc3 $19) 0-1

[Event "58. BEM 2004"]
[Site "Dortmund"]
[Date "2004.03.09"]
[Round "5.3"]
[White "Zeldin, Vitali"]
[Black "Goldschmidt, Christian"]
[Result "1-0"]
[WhiteElo "1918"]
[BlackElo "2109"]
[Annotator "Fritz 7 (15s)"]
[PlyCount "120"]
[EventDate "2004.??.??"]
[Source "SG Dortmund"]
[SourceDate "2004.12.16"]

{B07: Pirc Defence: Miscellaneous Systems
} 1. e4 d6 2. d4 Nf6 3. f3 c6 4. Bd3
(4. Be3 Qc7 5. Nc3 e5 6. a4 Be7 7. Bc4 O-O 8. Nge2 b6 9. O-O Ba6 10. Bxa6 Nxa6
11. Ng3 Rfe8 12. Qd2 Rad8 13. d5 cxd5 14. Nxd5 Nxd5 15. Qxd5 Nb4 16. Qb3 d5 17.
c3 Nd3 18. Rad1 Qc4 {Xie Jun-Blatny,P/Jakarta 1994/CBM 41/1-0 (34)}) 4... b5
$146 (4... e5 5. c3 (5. Ne2 Qb6 6. c3 g6 7. Bg5 Bg7 8. Qd2 Be6 9. Na3 O-O 10.
Nc4 Bxc4 11. Bxc4 Re8 12. O-O-O Nbd7 13. h4 d5 14. exd5 cxd5 15. Bb3 e4 16. Ng3
a5 17. Rde1 a4 18. Bc2 a3 19. b3 Rac8 {
Moller,L-Pedersen,S/Aarhus 1975/EXT 2000/0-1 (56)}) 5... Nbd7 6. Ne2 Qb6 (6...
g6 7. Bg5 a6 8. O-O b5 9. f4 h6 10. Bh4 Bg7 11. Bc2 O-O 12. dxe5 dxe5 13. fxe5
Qb6+ 14. Bf2 Qc7 15. exf6 Nxf6 16. Bg3 Qa7+ 17. Bf2 Qe7 18. Bd4 Ng4 19. Qc1 f6
20. h3 Ne5 21. Qe3 {Kannenberg,K-Spreng,S/Tirschenreuth 1982/EXT 98/1-0 (40)})
7. Nd2 d5 8. exd5 cxd5 9. Nb3 Bd6 10. Ng3 O-O 11. Nf5 Bc7 12. Be3 Qe6 13. O-O
Re8 14. Qd2 a5 15. Rae1 a4 16. Nc1 e4 17. fxe4 dxe4 18. Bg5 Ra5 19. Bf4 Rxf5
20. Bxc7 Rxf1+ 21. Bxf1 Nd5 22. Bg3 Qb6 23. Bc4 N7f6 24. Qc2 Qc6 25. Qe2 Bd7
26. a3 h6 27. Ba2 Bg4 28. Qc4 Qd7 29. Qf1 Qc6 30. Bc4 Bd7 31. h3 b5 32. Ba2 Re7
33. Bh4 Be6 34. Bb1 Bc8 35. Qf2 g5 36. Bg3 Nb6 37. Nd3 Nc4 38. Ne5 Qd5 39. Qxf6
Rxe5 40. Bxe5 {1-0 Breustedt,W-Ullrich,M/Dresden 2001/CBM 84 ext (40)}) 5. Ne2
Nbd7 6. Be3 Bb7 7. O-O a6 8. Nd2 c5 9. c3 c4 {Raumvorteil} 10. Bc2 e5 11. d5 {
Weiss will den Gegner einengen} 11... g6 12. Qe1 Bg7 13. g4 (13. b3 cxb3 14.
axb3 O-O $16) 13... h5 14. g5 Nh7 15. h4 O-O 16. Qg3 Re8 17. Rae1 Nhf8 18. Qf2
Re7 19. Ng3 Rc8 20. Kh2 Nc5 21. Qe2 Nfd7 22. Rg1 a5 23. Ndf1 Ba6 24. Nf5 gxf5
25. exf5 f6 26. Ng3 Qe8 27. Rg2 Kf8 28. Ne4 {Ermoeglicht auch g6} 28... Nxe4
29. fxe4 ({Weniger gut ist} 29. Bxe4 Bb7 $17) 29... b4 {Schwarz erobert Raum}
30. g6 {Auf den muss Schwarz aufpassen} 30... Nc5 31. Qxh5 Qd7 $4 {
wirft den Vorteil weg} (31... Rb7 $142 $11 {ist die einzige Rettung}) 32. Qh7
$18 Ke8 33. Qg8+ Bf8 34. Bh6 (34. Qh8 $5 b3 35. Bxc5 Rxc5 36. axb3 cxb3 37.
Bxb3 $18) 34... Rg7 $14 35. Qh8 Qe7 36. Bxg7 Qxg7 37. Qh7 Rc7 38. Qxg7 Bxg7 39.
Reg1 Kf8 40. Kg3 Bh6 41. Kf3 Kg7 42. Bd1 Nd3 {
Der schwarze Springer auf dem Vorposten d3} 43. Ba4 Rb7 44. Bc6 Rb6 45. Rh2 Rb8
46. Rc2 (46. h5 Bf4 47. h6+ Bxh6 $14) 46... Bf4 {
Ein schoenes Feld fuer den Laeufer} (46... b3 $142 47. axb3 cxb3 $15) 47. b3 $4
{danach kann Weiss alle Traeume begraben} (47. Ra1 $142 $14 {war relativ besser
}) 47... cxb3 $19 48. axb3 Nc5 49. cxb4 axb4 $4 {danach wendet sich das Blatt}
(49... Rxb4 $142 {nun kommt Schwarz in Vorteil} 50. Ra2 Rxb3+ 51. Kg4 Re3 $19)
50. Ra2 (50. Rxc5 dxc5 51. Ra1 Rb6 $11) 50... Bh6 (50... Bd3 51. Rga1 $15) 51.
Rga1 (51. Rd1 $5 $14 {sieht gut aus}) 51... Bd3 $11 52. Ra7+ Kg8 53. Bd7 $2 (
53. Rh7 $142 {damit waere Weiss im Spiel geblieben} 53... Bxe4+ 54. Kg4 Nxb3
55. Raa7 $11) 53... Bxe4+ $19 54. Kg4 Bxd5 55. Rd1 Bxb3 56. Rxd6 Bf8 57. Rxf6
Bd1+ (57... Bc4 58. h5 b3 59. Rxf8+ Rxf8 60. h6 $11) 58. Kh3 b3 $4 {
danach kann Schwarz alle Traeume begraben} (58... e4 $142 59. Bc6 Bb3 $17) 59.
Bc6 $18 Rd8 60. Rxf8+ $4 {wirft den Vorteil weg} (60. Ra8 Ne6 61. Bd5 (61. fxe6
Rxa8 62. Bxa8 Be7 $18) 61... Rxd5 62. fxe6 Rd3+ 63. Kg2 Rd2+ 64. Kg1 $18) 60...
Kxf8 $19 1-0

[Event "58. BEM 2004"]
[Site "Dortmund"]
[Date "2004.03.09"]
[Round "5.4"]
[White "Schiefelbusch, Dirk"]
[Black "Borjini, Mohamed"]
[Result "1/2-1/2"]
[WhiteElo "2103"]
[BlackElo "1918"]
[Annotator "Fritz 7 (15s)"]
[PlyCount "98"]
[EventDate "2004.??.??"]
[Source "SG Dortmund"]
[SourceDate "2004.12.16"]

{A00: Irregular Openings
} 1. b4 e6 2. Bb2 Nf6 3. b5 d5 4. e3 c5 5. c4 Bd6 6.
Nf3 Nbd7 7. Nc3 (7. Be2 b6 (7... O-O 8. O-O b6 9. d4 Bb7 10. Nbd2 Qc7 11. h3
Rad8 12. Qc2 Ne4 13. cxd5 exd5 14. Nxe4 dxe4 15. Nd2 Rfe8 16. Rac1 Qb8 17. Qb3
cxd4 18. Bxd4 Bh2+ 19. Kh1 Be5 20. Bc4 Re7 21. Qb4 Nc5 22. Nb3 Bd6 23. Qc3 Ne6
24. Rfd1 Rc8 25. Qb2 Nxd4 26. Nxd4 Be5 27. Qb3 Rc5 28. Ne2 Rec7 29. Bd5 Bxd5 {
0-1 Schwichtenberg,J-Jugow,A/Willingen 2001/EXT 2002 (29)}) 8. Qc2 Bb7 9. d3
O-O 10. Nbd2 Qe7 11. a4 e5 12. e4 dxe4 13. dxe4 Nh5 14. O-O-O Nf4 15. Bf1 Ne6
16. g3 a6 17. Bh3 Nd4 18. Qd3 axb5 19. axb5 Ra4 20. Nh4 g6 21. Rhe1 Nf6 {
Farleigh,R-De Firmian,N/Philadelphia 1995/EXT 2000/0-1 (31)}) 7... O-O $146 (
7... b6 8. Qc2 (8. Qb3 Bb7 9. Be2 O-O 10. a4 Qc7 11. d3 dxc4 12. Qxc4 Rfd8 13.
Qh4 Nf8 14. Qh3 e5 15. Nd2 Nd5 16. Nce4 Nb4 17. Rb1 Be7 18. Qg3 f6 19. d4 Qd7
20. dxe5 f5 21. Nd6 Bxd6 22. exd6 Ng6 23. Nc4 Bd5 24. h4 Re8 25. h5 Nf8 26. h6
g6 27. Rh4 Qe6 28. e4 Bxe4 29. Qc3 Nd3+ 30. Bxd3 Bxd3+ 31. Ne3 Qd7 {
1-0 Teichmann,E-Limbach,T/Hamburg 1991/EXT 97 (31)}) 8... Bb7 9. Be2 O-O 10.
Bd3 Qe7 11. Ne2 e5 12. Bf5 e4 13. Ng5 Ne5 14. Nf4 g6 15. g4 Nfxg4 16. Bxg4 Qxg5
17. Be2 d4 18. h4 Qf5 19. h5 d3 20. Qc3 dxe2 21. hxg6 fxg6 22. Rh2 Nf3+ 23.
Kxe2 Be5 24. Nxg6 hxg6 25. Qb3 Nxh2 26. Bxe5 Qh5+ 27. Ke1 Nf3+ {
0-1 Szepessy,T-Ackermann,R/Bad Ragaz 1991/TD (27)}) 8. Be2 dxc4 9. Bxc4 b6 10.
O-O Bb7 11. Be2 Qc7 12. h3 {Verhindert das Eindringen auf g4} 12... e5 13. d3 {
Der Gegner darf nicht nach e4} 13... Rad8 14. Qc2 Rfe8 {Schwarz bereitet e4 vor
} 15. Rfd1 e4 (15... Nd5 $5 $11 {ist interessant}) 16. dxe4 $16 Nxe4 17. Rac1
Ndf6 18. Qb3 Qe7 19. Rf1 Bb8 20. Rcd1 (20. Nxe4 $5 {ist vielleicht staerker}
20... Bxe4 21. Rfd1 $11) 20... Rxd1 $15 21. Qxd1 Qc7 22. Nxe4 Bxe4 23. Re1 Bxf3
24. Bxf3 Rd8 25. Qc2 Qh2+ 26. Kf1 Be5 27. Bxe5 Qxe5 28. Rd1 Rxd1+ 29. Qxd1 g6 {
Punkt h5} 30. g3 Qb2 31. Qa4 Qc1+ 32. Kg2 c4 33. Qxa7 c3 {
Ist dieser Freibauer gefaehrlich?} 34. Qb8+ (34. Bd5 $142 $1 {
und Weiss spielt mit} 34... Nxd5 35. Qa8+ Kg7 36. Qxd5 $11) 34... Kg7 $19 35.
Qe5 Qd2 (35... c2 36. Be4 Qd2 37. Bxc2 Qxc2 38. Qa1 $19) 36. g4 c2 (36... h6
37. h4 Kg8 38. Qb8+ Kh7 $11) 37. g5 $11 c1=Q 38. gxf6+ Kh6 39. Qf4+ g5 40. Qg4
Kg6 41. Be4+ Kxf6 42. Qf5+ Ke7 43. Qe5+ Kd8 44. Bc6 Kc8 45. Qe8+ Qd8 46. Qxf7
Qc7 47. Qe8+ Qd8 48. Qf7 Qc7 49. Qe8+ Qd8 1/2-1/2